[Event "22nd Alekhine Master 2018"]
[Site "Voronezh"]
[Date "2018.06.15"]
[Round "4"]
[White "Maghsoodloo, Parham"]
[Black "Gabrielian, Artur"]
[Result "1/2-1/2"]
[WhiteElo "2638"]
[BlackElo "2506"]
[Annotator "TA"]
[PlyCount "81"]
[EventDate "2018.06.21"]
[EventType "swiss"]
[EventCountry "RUS"]
[SourceTitle "playchess.com"]
[Source "ChessBase"]
[SourceQuality "1"]

{[%evp 19,81,31,30,23,37,45,189,25,24,12,17,15,27,20,20,20,20,30,28,14,45,38,35,36,30,18,24,16,25,19,18,18,18,18,18,18,39,46,33,35,31,0,0,0,0,0,0,-8,-2,-8,-8,-8,0,-5,0,0,0,0,0,0,0,0,0,0]} 1. Nf3 c5 2. c4 Nc6 3. Nc3 e5 {[%cal Be7e5,Be5e4][%mdl 32]} 4. e3 Nf6 5. d4 e4 6. d5 {A34: Symmetrical English: 2 Nc3, lines with ...d5} exf3 7. dxc6 fxg2 8. cxd7+ Bxd7 9. Bxg2 g6 10. b3 Bg7 {LiveBook: 5 Games} 11. Bb2 O-O $1 12. Bxb7 $146 ({Predecessor:} 12. Qd2 Qc7 13. O-O-O {½-½ (47) Grischuk,A (2783)-Vachier Lagrave,M (2804) Tbilisi 2017}) 12... Ng4 ({Black should try} 12... Rb8 $14 13. Bf3 Bf5) 13. Qd2 $2 (13. Bxa8 $18 Qxa8 14. Rg1) 13... Rb8 $11 14. Bg2 Qh4 {[#] Strongly threatening ...Nxe3!} 15. Nd5 Nxf2 16. O-O Ng4 $1 {[%csl Gg4][%cal Rh4h2]} ({But not} 16... Bxb2 $2 17. Qxb2 Nh3+ 18. Bxh3 $18) 17. h3 Ne5 $1 18. Qf2 Qxf2+ 19. Rxf2 {White wants to play Rd1.} Be6 20. Rd1 Bxd5 21. Bxd5 Rbc8 22. Ba3 Bh6 23. Re2 Rfe8 24. Kf2 Rc7 25. Bg2 a5 26. Rd5 a4 27. bxa4 Ra7 28. Bxc5 Rxa4 29. Red2 {[#] Rd8 is the strong threat.} Bg5 30. Bf1 Bh4+ {The position is equal.} 31. Kg2 Nxc4 32. Bxc4 Rxc4 33. Bd4 Ra4 34. Kf3 Re6 35. Re5 Rxe5 36. Bxe5 {KRB-KRB} f5 37. Rd4 Ra5 38. Bc7 Ra7 39. Bb6 Ra6 40. Bc5 g5 41. Rd5 {Precision: White = 53%, Black = 62%.} 1/2-1/2

[Event "22nd Alekhine Master 2018"]
[Site "Voronezh"]
[Date "2018.06.15"]
[Round "4"]
[White "Popov, Ivan"]
[Black "Pavlov, Sergey"]
[Result "*"]
[WhiteElo "2608"]
[BlackElo "2489"]
[Annotator "TA"]
[PlyCount "18"]
[EventDate "2018.06.21"]
[EventType "swiss"]
[EventCountry "RUS"]
[SourceTitle "playchess.com"]
[Source "ChessBase"]
[SourceQuality "1"]

{[%evp 13,18,43,60,49,30,13,58]} 1. e4 e5 2. Bc4 Nf6 3. d3 Nc6 4. Nf3 Be7 5. O-O O-O 6. a4 d5 7. exd5 Nxd5 8. h3 {C55: Two Knights: 4 d3, 4 d4 exd4 5 e5 and Max Lange Attack} Bf5 (8... Kh8 9. Re1 f6 10. a5 b6 11. axb6 Nxb6 12. Bb3 Bb7 13. Nc3 Qd7 14. Ne4 a5 15. Be3 a4 {½-½ (35) Vocaturo,D (2600)-Buhmann,R (2633) Germany 2017}) 9. Re1 Nb6 $146 ({Predecessor:} 9... Bf6 10. a5 a6 11. Nbd2 Bg6 12. Ne4 Be7 13. c3 Nf6 14. Qb3 Nxe4 15. dxe4 Rb8 {1-0 (29) Milliet,S (2379)-Delorme,L (2177) France 2009}) *

[Event "22nd Alekhine Master 2018"]
[Site "Voronezh"]
[Date "2018.06.15"]
[Round "4"]
[White "Stukopin, Andrey"]
[Black "Shagbazyan, Taron"]
[Result "1-0"]
[WhiteElo "2589"]
[BlackElo "2429"]
[Annotator "TA"]
[PlyCount "93"]
[EventDate "2018.06.21"]
[EventType "swiss"]
[EventCountry "RUS"]
[SourceTitle "playchess.com"]
[Source "ChessBase"]
[SourceQuality "1"]

{[%evp 19,93,0,0,-27,-19,-22,-16,-30,-16,-57,10,7,0,0,0,0,12,8,12,17,48,16,55,50,53,50,54,53,84,66,56,57,104,108,119,119,119,119,119,119,119,119,119,119,113,90,90,90,83,42,43,25,29,25,29,29,115,115,177,136,137,139,240,240,240,221,240,240,240,240,240,232,240,210,201,155]} 1. Nf3 d5 2. g3 c6 3. Bg2 Bf5 4. c4 e6 5. O-O Nf6 6. d3 dxc4 7. dxc4 Qxd1 8. Rxd1 Nbd7 9. Nc3 h6 {A11: English Opening: 1...c6} (9... Bc2 10. Re1 Bb4 11. Bd2 h6 12. Rac1 Bh7 13. Red1 Be7 14. h3 g5 15. Be3 g4 16. Nd2 gxh3 17. Bxh3 {½-½ (32) Gordievsky,D (2653)-Xu,Y (2539) Qinhuangdao 2018}) 10. Bf4 g5 {LiveBook: 6 Games} 11. Bd6 Bxd6 {Black has an edge.} 12. Rxd6 Ke7 13. Rad1 {[#]} Rhd8 $146 ({Predecessor:} 13... e5 14. h4 {0-1 (60) Porat,I (2431)-Gofshtein,L (2507) Israel 2011}) 14. b4 Nb6 (14... Bc2 $15 15. R1d2 Bh7) 15. Rxd8 $11 Rxd8 16. Rxd8 Kxd8 17. Ne5 Ke7 18. e4 Bh7 19. c5 Nc8 20. Nc4 Kd7 21. f3 Kc7 22. Ne5 Bg8 $1 23. Kf2 b6 24. Ke3 bxc5 25. bxc5 Nd7 26. Kd4 f6 27. Nxd7 Kxd7 $16 {[%mdl 4096] Endgame KBN-KBN} 28. e5 $1 {[%cal Re5f6]} f5 29. f4 gxf4 30. gxf4 Bf7 31. Bf3 Ne7 32. Kc4 Ng6 33. Ne2 Kc7 34. Kb4 Nh4 35. Bh1 Be8 36. Kc3 Bd7 37. Kd2 Be8 (37... Kb7 $11) 38. Ke3 Kb7 (38... Bd7 $16) 39. Nd4 $18 {White is clearly better.} Bd7 40. a3 Kc7 {[#]} (40... Ng6 $16 41. Kf3 Kc8) 41. Kf2 $1 Ng6 {[#]} 42. Kg3 $1 Nf8 43. Bf3 Be8 44. Bd1 Kd8 45. Bb3 Bd7 46. Ba4 Kc7 47. Bd1 {Precision: White = 71%, Black = 56%.} 1-0

[Event "22nd Alekhine Master 2018"]
[Site "Voronezh"]
[Date "2018.06.15"]
[Round "4"]
[White "Tiviakov, Sergei"]
[Black "Looshnikov, Nikolai"]
[Result "1-0"]
[WhiteElo "2580"]
[BlackElo "2424"]
[Annotator "TA"]
[PlyCount "87"]
[EventDate "2018.06.21"]
[EventType "swiss"]
[EventCountry "RUS"]
[SourceTitle "playchess.com"]
[Source "ChessBase"]
[SourceQuality "1"]

{[%evp 16,87,22,0,31,18,34,0,22,23,14,9,12,12,10,15,4,8,40,1,56,72,56,56,97,48,64,66,78,73,176,182,168,146,202,102,231,220,226,245,235,232,217,207,260,260,204,201,224,159,437,456,466,465,438,438,719,706,668,641,29985,29986,29986,29987,29987,29988,29988,29989,29989,29990,29991,29988,29988,29989]} 1. e4 e6 2. d4 d5 3. Nd2 c5 4. exd5 Qxd5 5. dxc5 Nf6 6. Ngf3 {C07: French Tarrasch: 3...c5, 4 Ngf3 and 4 exd5 Qxd5} Qxc5 7. Bd3 Nbd7 8. O-O Be7 9. a4 {LiveBook: 8 Games} O-O 10. a5 Qc7 11. Nb3 Nd5 12. c3 Rd8 $146 ({Predecessor:} 12... N7f6 13. Re1 {0-1 (69) McShane,L (2647)-Skoberne,J (2563) Batumi 2018}) 13. Qe2 N7f6 14. Nbd4 Bd7 15. a6 bxa6 16. Bxa6 Bd6 17. g3 e5 ({Black should play} 17... Bc5 $11) 18. Nb5 $14 Bxb5 19. Bxb5 a5 20. Re1 {[%cal Rf3e5]} Rab8 21. Ba4 {[%cal Rf3e5]} e4 22. Nd4 $1 Bc5 (22... Rbc8 $16) 23. Nc6 $18 h5 24. Nxb8 Rxb8 (24... Qxb8 $16 25. Bc2 Qb6) 25. Kg2 (25. c4 $1 $18 {[%cal Rc4d5]} Nb4 26. Bf4) 25... Qb7 (25... h4 $16 {was necessary.}) 26. Bc2 $1 e3 {( -> ...Nf4+)} 27. f3 h4 28. Ra4 hxg3 29. hxg3 Re8 30. Rh1 (30. Rxa5 Qc7 $18) 30... g6 31. Rxa5 Qc7 32. Rb5 Nh5 $2 {[#]} (32... Re5 $16 {was called for.}) 33. Rxh5 $1 gxh5 {[#]} 34. Qd3 $1 Nf6 35. Qf5 $1 {[%csl LRc5,LRf6]} e2 (35... Qe5 $142 36. Rxc5 Qxf5 37. Bxf5 e2) 36. Qg5+ (36. Qxf6 {[#]} Qxg3+ $3 {[%mdl 512]} 37. Kxg3 e1=Q+ 38. Kf4 Qxc1+ 39. Kf5 Qxc2+ $19) 36... Kf8 37. Rxc5 {White wants to mate with Qh6+.} e1=Q {...Re2+ is the strong threat.} 38. Qh6+ {White mates.} (38. Rxc7 $2 {leads to mate.} Re2+ 39. Kh3 Qh1#) 38... Ke7 39. Rxc7+ Kd8 40. Qxf6+ Kxc7 41. Bf4+ Kb7 42. Qxf7+ Re7 43. Be4+ Qxe4 44. Qb3+ {Precision: White = 68%, Black = 33%.} ({Not} 44. fxe4 Rxf7 45. Kh3 Kc6 $16) 1-0

[Event "22nd Alekhine Master 2018"]
[Site "Voronezh"]
[Date "2018.06.15"]
[Round "4"]
[White "Chigaev, Maksim"]
[Black "Kozionov, Kirill"]
[Result "1/2-1/2"]
[WhiteElo "2577"]
[BlackElo "2456"]
[Annotator "TA"]
[PlyCount "90"]
[EventDate "2018.06.21"]
[EventType "swiss"]
[EventCountry "RUS"]
[SourceTitle "playchess.com"]
[Source "ChessBase"]
[SourceQuality "1"]

{[%evp 25,90,25,66,-12,0,-12,17,-8,0,-8,-30,-54,-53,-50,-49,-124,-119,-116,-59,-156,-158,-205,-208,-209,-220,-195,-176,-169,-155,-345,-248,-244,-242,-246,-235,-242,95,101,104,91,95,91,97,82,76,8,8,8,8,8,8,8,56,12,12,11,27,34,12,12,11,14,15,15,28,28,43]} 1. e4 c5 2. Nf3 d6 3. d4 cxd4 4. Nxd4 Nf6 5. Nc3 a6 6. Be3 e6 7. f3 b5 8. Qd2 Nbd7 9. g4 h6 10. O-O-O b4 {B80: Sicilian Scheveningen: 6 g3 and 6 Be3, including English Attack} 11. Na4 d5 (11... Ne5 12. Kb1 Bd7 13. b3 Bxa4 14. bxa4 Qc7 15. Be2 Be7 16. h4 Nc4 17. Bxc4 Qxc4 18. Qd3 {1-0 (49) Caruana,F (2802)-Hou,Y (2652) chess.com INT 2017}) 12. exd5 Nxd5 13. Bc4 N7f6 {LiveBook: 4 Games} 14. Nb3 (14. h4 $14) 14... Qc7 $11 15. Bc5 Bd7 $146 ({Predecessor:} 15... Bb7 16. h4 Be7 {½-½ (28) Goze,T (2454)-Gysi,A (2454) ICCF email 2007}) 16. Bxf8 (16. Bxd5 {looks sharper.} Nxd5 17. Nb6 Bxc5 18. Nxa8 Qc6 19. Nxc5 Qxc5 20. Qd4) 16... Kxf8 17. Nac5 {[%cal Rc4d5]} (17. Bxd5 Nxd5 18. Nac5 a5 $15) 17... a5 18. Nxd7+ Qxd7 19. Qd4 Qc7 20. h4 ({Better is} 20. Bxd5 $15 Nxd5 21. Qc5+ Qxc5 22. Nxc5) 20... Rc8 $17 21. Nd2 a4 (21... Nb6 $1 $17 {[%cal Rb6c4]} 22. Bd3 Rd8) 22. g5 (22. Rde1 $15) 22... Nh5 $1 23. Kb1 Ng3 24. Rhe1 Nf5 $1 {[%cal Rf5d4]} 25. Qd3 Nde3 ({Don't play} 25... Nxh4 26. Bxd5 exd5 27. Rc1 $17) 26. Rxe3 Rd8 27. Qxd8+ (27. Nf1 $17 Rxd3 28. Rexd3) 27... Qxd8 $19 28. Rd3 {[#]} Qb6 $1 29. Ne4 {[#] And now Rd8+ would win.} g6 $1 {aiming for ...Ne3.} 30. Rd7 Ne3 $2 (30... Kg7 $19 31. gxh6+ Nxh6) 31. R1d6 $36 {[%mdl 2048] White threatens Bxe6 and mate. White is in control.} Nxc4 32. Rxb6 Nxb6 {[%mdl 4096] Endgame KRN-KRN} 33. Rd8+ Kg7 34. Rxh8 Kxh8 {KN-KN} 35. a3 (35. b3 $16) 35... bxa3 $11 36. b3 axb3 37. cxb3 Nd7 38. Ka2 Ne5 39. b4 (39. f4 $5 {[%cal Rf4e5]} Nd3 40. Kxa3 $16) 39... Nc4 40. b5 {Hoping for Nd2!} Kg7 {[#]} 41. Nd2 $1 {[%mdl 512]} Nb6 $1 ({Don't go for} 41... Nxd2 $2 42. gxh6+ Kxh6 43. b6 $18) 42. Kxa3 hxg5 43. hxg5 {Ne4 is the strong threat.} f6 $1 44. Kb4 {Strongly threatening Ka5.} fxg5 45. Ne4 {Threatens to win with Kc5.} Nd7 {Precision: White = 41%, Black = 63%.} 1/2-1/2

[Event "22nd Alekhine Master 2018"]
[Site "Voronezh"]
[Date "2018.06.15"]
[Round "4"]
[White "Iljiushenok, Ilia"]
[Black "Akash Pc, Iyer"]
[Result "1-0"]
[WhiteElo "2530"]
[BlackElo "2435"]
[Annotator "TA"]
[PlyCount "59"]
[EventDate "2018.06.21"]
[EventType "swiss"]
[EventCountry "RUS"]
[SourceTitle "playchess.com"]
[Source "ChessBase"]
[SourceQuality "1"]

{[%evp 20,59,42,19,43,29,50,38,62,37,35,32,33,43,51,26,50,52,43,39,48,43,47,47,54,40,53,41,75,43,107,98,107,94,244,223,219,146,173,100,385,383]} 1. e4 e5 2. Nf3 Nc6 3. Bb5 a6 4. Ba4 Nf6 5. O-O Be7 6. d3 b5 7. Bb3 d6 8. a4 Rb8 {C84: Closed Ruy Lopez: Unusual White 6th moves} (8... b4 9. a5 O-O 10. Be3 h6 11. Nbd2 Re8 12. c3 Bf8 13. h3 Rb8 14. Re1 bxc3 15. bxc3 d5 16. Qc2 Be6 {0-1 (50) Grischuk,A (2772)-Ding,L (2777) Riadh 2017}) 9. axb5 axb5 10. h3 O-O 11. c3 {LiveBook: 4 Games} Nd7 12. Be3 $146 ({Predecessor:} 12. d4 Bf6 13. Be3 Bb7 14. Na3 Ba8 15. d5 Na5 16. Ba2 c5 17. b4 cxb4 18. cxb4 {1-0 (29) Vega Gutierrez,S (2352)-Gonzalez Intelangelo,G (2022) Las Palmas 2012}) 12... Bf6 13. Nbd2 Bb7 14. Bd5 Qc8 15. Qb3 Nd8 16. Bxb7 Rxb7 17. Ra5 b4 18. Qa4 bxc3 19. bxc3 Nb6 20. Qa2 Nc6 21. Ra3 {[%cal Ba5a3,Ba3b3,Bb3b5][%mdl 32]} Qe6 22. Rb1 Rfb8 23. Qc2 d5 24. Rab3 {[#] Black must now prevent exd5.} Ne7 (24... Nd8 $14) 25. Rb5 $16 Qc6 26. Qb3 {exd5 is the strong threat.} dxe4 (26... Qd7 $16 {was worth a try.}) 27. Nxe4 $18 (27. dxe4 $6 Nec8) 27... Rd8 28. c4 {[%cal Bc3c4,Bc4c5][%mdl 32] Hoping for c5.} ({But not} 28. Bxb6 $6 Rxb6 29. Rxb6 cxb6 $16) ({Resist} 28. Nxe5 Bxe5 29. Rxe5 Ned5) 28... Rbb8 29. Ne1 (29. Nxf6+ $18 gxf6 30. d4) 29... Nf5 $2 {[%mdl 8192] [#]} (29... Ng6 $16 {was called for.}) 30. c5 $1 {Precision: White = 50%, Black = 44%.} ({Weaker is} 30. Bxb6 Rxb6 31. Rxb6 cxb6 $16) 1-0

[Event "22nd Alekhine Master 2018"]
[Site "Voronezh"]
[Date "2018.06.15"]
[Round "4"]
[White "Triapishko, Alexandr"]
[Black "Pridorozhni, Aleksei"]
[Result "1/2-1/2"]
[WhiteElo "2513"]
[BlackElo "2589"]
[Annotator "TA"]
[PlyCount "52"]
[EventDate "2018.06.21"]
[EventType "swiss"]
[EventCountry "RUS"]
[SourceTitle "playchess.com"]
[Source "ChessBase"]
[SourceQuality "1"]

{[%evp 16,52,28,23,54,47,53,47,60,37,46,40,45,38,62,54,59,37,38,39,73,73,72,71,61,37,65,56,64,11,15,9,35,0,31,0,44,0,47]} 1. e4 e5 2. Bc4 Nf6 3. d3 Nc6 4. Nf3 Be7 5. O-O O-O 6. Re1 d6 7. a4 Be6 8. Bxe6 {C55: Two Knights: 4 d3, 4 d4 exd4 5 e5 and Max Lange Attack} (8. Nbd2 Bxc4 9. Nxc4 Re8 10. Bd2 a5 11. h3 b6 12. c3 h6 13. Qb3 Bf8 14. Rad1 d5 15. Ne3 dxe4 16. dxe4 Nxe4 {0-1 (32) Ganguly,S (2657)-Bruzon Batista,L (2673) Saint Louis 2018}) 8... fxe6 9. c3 {LiveBook: 15 Games} Kh8 10. b4 {White is slightly better.} a6 $146 ({Predecessor:} 10... Qe8 11. Na3 Qg6 12. Nc4 Nh5 13. b5 Nb8 14. a5 Nd7 15. Ra2 Rf7 {½-½ (36) Van Foreest,L (2474)-Zarubitski,V (2344) Tarvisio 2017}) 11. Nbd2 Nh5 12. Nf1 Nf4 13. g3 Nh3+ 14. Kg2 Ng5 15. Bxg5 Bxg5 16. h4 Bf6 17. Ne3 a5 18. b5 Nb8 19. d4 Nd7 20. Qc2 Qe8 21. Rad1 $36 {[%mdl 2048] White has some pressure.} Qf7 22. Ng4 (22. Nc4 $14) 22... Qg6 $11 23. Ngh2 Qf7 24. Ng4 Qg6 25. Ngh2 Qf7 26. Ng4 Qg6 {Precision: White = 28%, Black = 57%.} 1/2-1/2

[Event "22nd Alekhine Master 2018"]
[Site "Voronezh"]
[Date "2018.06.15"]
[Round "4"]
[White "Belyakov, Bogdan"]
[Black "Timofeev, Artyom"]
[Result "1/2-1/2"]
[WhiteElo "2490"]
[BlackElo "2583"]
[Annotator "TA"]
[PlyCount "83"]
[EventDate "2018.06.21"]
[EventType "swiss"]
[EventCountry "RUS"]
[SourceTitle "playchess.com"]
[Source "ChessBase"]
[SourceQuality "1"]

{[%evp 25,83,18,27,30,27,17,48,32,37,33,23,16,20,0,0,0,0,0,-2,-16,0,-7,-10,-22,-29,-20,-10,-8,-4,-4,-6,-6,-5,-19,-25,-22,-17,-43,-37,-48,-37,-40,-43,-47,-45,-74,-31,-118,-96,-94,0,-98,-116,-145,-134,-108,-103,-75,-14,-72]} 1. e4 e5 2. Nf3 Nf6 3. Nc3 Nc6 4. d4 exd4 5. Nxd4 Bb4 6. Nxc6 bxc6 7. Bd3 O-O 8. O-O d5 9. exd5 cxd5 10. Bg5 c6 11. Qf3 Re8 12. h3 {C47: Scotch Four Knights and Four Knights with 4 g3} Rb8 13. Ne2 Be7 {LiveBook: 4 Games} 14. b3 {White has an edge.} Ne4 {[#]} 15. Bf4 $146 ({Predecessor:} 15. Bxe7 Rxe7 16. Qf4 Rb6 17. Rfd1 Nc5 {0-1 (42) Piorun,K (2637)-Karjakin,S (2766) Doha 2015}) 15... Rb6 16. Rad1 Nc5 17. Be3 Rb7 18. Nd4 Qd6 ({Of course not} 18... Nxd3 $6 19. Nxc6 (19. cxd3 Qd7 $15) 19... Qd6 20. Nxe7+ Rbxe7 21. Rxd3 $14 (21. cxd3 d4 $14)) 19. Nf5 Bxf5 20. Bxc5 Qxc5 21. Qxf5 g6 22. Qe5 Rd8 {[%cal Be8d8,Bd8d6,Bd6f6][%mdl 32]} 23. Rfe1 Rd6 24. Qg3 Rf6 25. Re2 a5 26. c4 Kg7 27. cxd5 cxd5 28. Rc2 Qa7 29. Qe5 Bc5 {[%cal Rc5f2]} 30. Rf1 Rd7 31. Bb5 Bd4 32. Qe2 Re7 33. Qd2 Re5 34. Bd3 Qb6 35. Qd1 h5 {[%cal Bh7h5,Bh5h4][%mdl 32]} 36. Rd2 (36. Qd2 $15) 36... Bc5 37. Qa1 Bd4 38. Qd1 $1 Rg5 39. Bc2 Rf4 40. Kh1 h4 41. f3 Re5 ({Black should play} 41... Qf6 $17) 42. Re1 {Precision: White = 55%, Black = 63%.} (42. Be4 $11) 1/2-1/2

[Event "22nd Alekhine Master 2018"]
[Site "Voronezh"]
[Date "2018.06.15"]
[Round "4"]
[White "Kabanov, Nikolai"]
[Black "Bocharov, Dmitry"]
[Result "1/2-1/2"]
[WhiteElo "2468"]
[BlackElo "2576"]
[Annotator "TA"]
[PlyCount "80"]
[EventDate "2018.06.21"]
[EventType "swiss"]
[EventCountry "RUS"]
[SourceTitle "playchess.com"]
[Source "ChessBase"]
[SourceQuality "1"]

{[%evp 14,80,8,10,31,37,28,20,17,17,20,31,25,-12,-4,-11,6,0,0,0,49,45,39,13,24,36,29,34,32,22,31,38,27,12,12,7,14,-10,-7,-9,-8,-10,-9,-10,-9,-22,-8,-5,-8,-10,-4,-2,-5,-13,-8,-20,-19,-52,-24,-59,-61,-88,-88,-89,-75,-127,-68,-81,-9]} 1. e4 c5 2. c3 Nf6 3. e5 Nd5 4. Nf3 d6 5. Bc4 dxe5 (5... e6 6. d4 Nc6 7. O-O cxd4 8. cxd4 Be7 9. exd6 Qxd6 10. Nc3 Nxc3 11. bxc3 O-O 12. Re1 Qd8 13. Qe2 b6 14. d5 Na5 15. dxe6 Nxc4 16. exf7+ Kh8 17. Qxc4 Bb7 18. Ne5 Bd6 19. Bf4 Rc8 20. Qe6 Qf6 21. Ng6+ Qxg6 22. Qxg6 hxg6 23. Bxd6 Rxf7 {½-½ (86) Jones,G (2660)-Cori Tello,J (2641) Tbilisi 2017}) 6. Nxe5 {B22: Sicilian: 2 c3} e6 7. d4 cxd4 8. Qxd4 {LiveBook: 5 Games. The position is equal.} Be7 $146 ({Predecessor:} 8... Nc6 9. Nxc6 bxc6 10. O-O Qc7 11. Re1 Bb7 12. Bg5 Be7 13. Bxe7 Qxe7 14. Qxg7 {0-1 (29) Karpatchev,A (2513)-Shevchenko,K (2453) Neustadt an der Weinstrasse 2017}) 9. Bb5+ Kf8 10. Nd2 f6 {[#] Strongly threatening ...a6.} 11. Nd3 Nc7 {Threatens to win with ...Qxd4.} 12. Qxd8+ Bxd8 13. Bc4 Nc6 14. a4 b6 15. O-O Be7 16. b4 Bd7 17. Nb3 e5 18. Rd1 {next b5 is good for White.} Be6 19. Bxe6 Nxe6 20. b5 Ncd8 21. a5 Rc8 22. axb6 axb6 23. Be3 Rxc3 24. Ndc1 Rc8 25. Ra7 {aiming for Rdd7.} Nc7 26. Rd7 $1 {[%cal Rd7c7]} Nxb5 27. Rxe7 {[#] Hoping for Rad7.} Nxa7 28. Rxa7 Nc6 29. Ra6 b5 30. Rb6 Kf7 31. Rxb5 Rb8 32. Rc5 Rhc8 33. g3 Ne7 34. Ra5 Nf5 35. Ra7+ Kg6 {[%mdl 1024] Black has compensation.} 36. Bc5 Rb5 $36 {[%mdl 2048] Black is pushing.} 37. Ba3 h5 38. h3 Rc3 39. Nd2 ({White should try} 39. g4 hxg4 40. hxg4) 39... Rd5 (39... h4 $17 40. g4 Nd4) 40. Ncb3 e4 {Precision: White = 58%, Black = 56%.} (40... Rdd3 $17 41. Kg2 Nd4 42. Nxd4 exd4) 1/2-1/2

[Event "22nd Alekhine Master 2018"]
[Site "Voronezh"]
[Date "2018.06.15"]
[Round "4"]
[White "Sindarov, Javokhir"]
[Black "Potapov, Pavel"]
[Result "1/2-1/2"]
[WhiteElo "2449"]
[BlackElo "2491"]
[Annotator "TA"]
[PlyCount "81"]
[EventDate "2018.06.21"]
[EventType "swiss"]
[EventCountry "RUS"]
[SourceTitle "playchess.com"]
[Source "ChessBase"]
[SourceQuality "1"]

{[%evp 24,81,0,0,8,5,10,5,10,3,6,0,0,0,0,0,0,0,0,0,1,0,0,0,0,0,2,0,1,0,0,-12,-9,-9,0,0,0,-15,-6,-14,0,-6,-6,-9,-9,-25,0,-58,-35,-35,-35,-36,-25,-25,-25,-25,0,-49,0,0]} 1. d4 d5 2. c4 c6 3. Nf3 Nf6 4. cxd5 cxd5 5. Nc3 Nc6 6. Bf4 a6 7. e3 Bg4 8. Be2 e6 9. O-O Bd6 10. Bxd6 Qxd6 11. Ne1 {D13: Damengambit (Slawische Verteidigung, Abtauschvariante)} (11. Nd2 Bxe2 12. Qxe2 O-O 13. Nb3 Nd7 14. Rfc1 Rac8 15. Na4 Rc7 16. a3 Rfc8 17. Rc3 Ncb8 18. Rac1 Rxc3 19. Rxc3 Rxc3 20. Nxc3 {½-½ (26) Zhou,W (2603)-Malakhov,V (2689) China 2018}) 11... Bxe2 12. Qxe2 O-O 13. Nd3 {LiveBook: 6 Partien} Nd7 14. Rac1 Rac8 15. Qd2 $146 ({Vorgänger:} 15. Rfd1 h6 16. f3 Rc7 17. Na4 Rfc8 18. Qe1 b6 {½-½ (36) Huang,Q (2391)-Wang,Y (2390) Wuxi 2006}) 15... Rc7 16. Na4 b6 17. Rc2 Rfc8 18. Rfc1 Ne7 19. h3 (19. Rxc7 {seems wilder.} Rxc7 20. Rxc7 Qxc7 21. Qc3 Qd8 22. g3) 19... Rxc2 20. Rxc2 Rxc2 21. Qxc2 Qc6 22. Qxc6 Nxc6 $11 {[%mdl 4096] Endspiel KSS-KSS} 23. Kf1 Kf8 24. Ke2 Ke7 25. b3 Kd6 26. Kd2 f6 27. Kc3 e5 28. Nb4 a5 29. Nxc6 Kxc6 {KS-KS} 30. Kd3 e4+ 31. Ke2 Nf8 32. Nc3 b5 {[%cal Bb6b5,Bb5b4][%mdl 32]} 33. a4 b4 34. Nd1 Kd6 35. f4 ({Lieber} 35. f3 $11) 35... f5 36. Nf2 Ke6 37. g4 g6 38. g5 Nd7 39. h4 Nb6 40. Kd2 Ke7 41. Nh1 {Precision: Weiß = 65%, Schwarz = 49%.} 1/2-1/2

[Event "22nd Alekhine Master 2018"]
[Site "Voronezh"]
[Date "2018.06.15"]
[Round "4"]
[White "Drygalov, Andrey"]
[Black "Tsydypov, Zhamsaran"]
[Result "1/2-1/2"]
[WhiteElo "2435"]
[BlackElo "2522"]
[Annotator "TA"]
[PlyCount "65"]
[EventDate "2018.06.21"]
[EventType "swiss"]
[EventCountry "RUS"]
[SourceTitle "playchess.com"]
[Source "ChessBase"]
[SourceQuality "1"]

{[%evp 21,65,31,14,14,44,49,50,38,39,32,40,40,37,37,31,29,31,21,59,51,53,0,53,41,79,87,87,83,91,70,86,65,77,83,62,62,79,0,96,0,111,0,82,0,118,0]} 1. d4 Nf6 2. c4 e6 3. Nf3 d5 4. Nc3 Bb4 5. cxd5 exd5 6. Bg5 h6 7. Bh4 O-O {D38: Damengambit (Ragosin-Verteidigung)} 8. e3 Bf5 9. Qb3 Bxc3+ 10. bxc3 Nbd7 11. Be2 c5 {LiveBook: 17 Partien} 12. O-O g5 $146 (12... c4 $5 {[%cal Rc4b3]} 13. Qxb7 Qb8 14. Qxb8 Raxb8 $11) ({Vorgänger:} 12... c4 13. Qb2 Qb6 14. Qc1 Ne4 15. Nd2 {½-½ (47) Ding,L (2778)-Leko,P (2712) Danzhou 2016}) 13. Bg3 Ne4 14. Qxd5 Nxc3 15. Qxf5 Nxe2+ 16. Kh1 {zielt auf Ld6 ab.} Nxg3+ 17. fxg3 Qe7 18. dxc5 Nxc5 19. Nd4 Rae8 20. Qh3 Kh7 21. Qf5+ Kg8 $1 22. Qc2 {Und Sf5 würde nun gewinnen.} b6 {[#]} 23. Nf5 $1 {[%cal Rf5e7]} Qf6 24. g4 Rd8 25. h3 Rd3 26. Rad1 Rfd8 27. Rxd3 Rxd3 28. Qc4 {Schwarz muss nun Sxh6+! beachten.} Rd7 29. Qc2 (29. a4 $16) 29... Kh8 (29... Rd3 $11) 30. Qc4 (30. a4 $16) 30... Kh7 (30... Kg8 $1 $11) 31. Qc2 Kh8 32. Qc4 ({Lieber} 32. a4 $16) 32... Kh7 {[#]} (32... Kg8 $11 {hält das Gleichgewicht.}) 33. Qc2 {Precision: Weiß = 55%, Schwarz = 62%.} (33. Ng3 $1 $16 Qe6 34. Qc3) 1/2-1/2